00847nam a22001937a 450000500170000000800410001702000180005804000070007604100080008308200250009110000270011624500870014326000280023030000260025836500630028452002440034765000370059170000250062820240725160253.0240716b ||||| |||| 00| 0 eng d a9781032667690 cAL aeng 223a320.014054bSISP aYatindra Singh Sisodia aPolitical communication in contemporary Indiab: locating democracy and governance aLondonbRoutledgec2024 axv,174pbHBc23x15cm. 2Generala299b₹1036.00c₹d₹1295.00e20%f16/04/2024 aThis book explores the forms, patterns, and trends in political communication in India in the 21st century. It underlies the influence of context in political messaging laying bare its complex, overlapping, and multidimensional structures. 2CommunicationaPolitical Science aChattopadhyay Pratip